How I Met your Mother Quiz - Statistics

General Stats
  • This quiz has been taken 1,065 times
  • The average score is 19 of 25
Answer Stats
Hint Answer % Correct
Who likes Laser Tag ? Barney
100%
Who is the group Womaniser? Barney Stinson
100%
What is Ted's last name? Mosby
99%
Which Country does Robin orginate? Canada
98%
Which City is it set it? New York
98%
Who gets a tattoo of a butterfly on them? Ted
98%
Complete the Phrase: **** up Suit
97%
What is the name of the Woman who left Ted at the alter? Stella
95%
What animal supposedly attacks Ted in his appartment? Goat
94%
What animal does Lily buy whilst doing her job? Goat
94%
How many kids does Ted have in 2030? 2
93%
How many dogs does Robin have? News
93%
Barney: That Is ******wait for it....dary? Legend
92%
What colour is Ted's wife umbrella? Yellow
92%
What proffession is Ted? Architect
86%
What does Marshall do for a job? Lawyer
86%
What do Lily do? Teacher
78%
...Wait for it it will be sorry if your lactose intolerant *****? Dairy
62%
What did Ted describe Lily as when she left Marshall to go too California for her art? Grinch
54%
What is the drink Ted and Marshall used to have on their road trips, notorious for high caffeine levels? Tantrum
49%
What is Robin's Second name? Scherbatsky
45%
What does Ted buy when his mum laps him and gets married for the second time? House
41%
What does Ted steal for Robin to try and make her go on a date with him? Blue Horn
30%
Where did Barney, Marshall and Lily find the fourth Doppleganger? Robets Vs Wrestlers
27%
What is Barneys full, real name? Neil Patrick Harris
11%
No matching quizzes found
Score Distribution
Percent of People with Each Score
Percentile by Number Answered
Your Score History
You have not taken this quiz